| 000 | 00513nam a22001812 4500 | ||
|---|---|---|---|
| 001 | 0000002802 | ||
| 005 | 20170406114519.0 | ||
| 008 | 140407s xx 000 0 eng d | ||
| 020 | _c$ | ||
| 040 |
_aYour Holding Symbol _cYour Holding Symbol |
||
| 100 | 1 | _aGoodman Paul. | |
| 245 | 1 | 0 |
_aGrowing up absurd : _bproblems of youth in the organized society. |
| 250 | _a ed. | ||
| 260 |
_aNew york : _bvindage books, _c1956. |
||
| 300 |
_a238 p. ; _c cm. |
||
| 650 | 0 | _afarmily. | |
| 908 | _a140407 | ||
| 999 |
_c2687 _d2687 |
||